Central Library OPAC University of Rajshahi

The internal combustion engine / (Record no. 14112)

MARC details
000 -LEADER
fixed length control field 00745nam a22002537a 4500
001 - CONTROL NUMBER
control field 14112
003 - CONTROL NUMBER IDENTIFIER
rucl marc code BD-RjUL
005 - DATE AND TIME OF LATEST TRANSACTION
control field 20211208235556.0
008 - FIXED-LENGTH DATA ELEMENTS--GENERAL INFORMATION
fixed length control field 140205r19531937enka|||| |||| 001 0 eng d
035 ## - SYSTEM CONTROL NUMBER
System control number (BD-RjUL)14164
040 ## - CATALOGING SOURCE
Original cataloging agency BD-RjUL
Language of cataloging eng
Transcribing agency BD-RjUL
Modifying agency BD-RjUL
041 ## - LANGUAGE CODE
Language code of text/sound track or separate title eng
082 04 - DEWEY DECIMAL CLASSIFICATION NUMBER
Edition number 19
Classification number 621.43
Author mark and year PYI 1953
100 1# - MAIN ENTRY--PERSONAL NAME
Personal name Pye, D.R.
9 (RLIN) 44084
245 14 - TITLE STATEMENT
Title The internal combustion engine /
Statement of responsibility, etc. by D.R. Pye
Number of part/section of a work Vol. 1
250 ## - EDITION STATEMENT
Edition statement 2nd. ed.
260 ## - PUBLICATION, DISTRIBUTION, ETC. (IMPRINT)
Place of publication, distribution, etc. London :
Name of publisher, distributor, etc. oxford university press,
Date of publication, distribution, etc. 1953
300 ## - PHYSICAL DESCRIPTION
Pagination xv,294p. :
Illustrations illus. ;
Size 23cm.
490 ## - SERIES STATEMENT
Series statement The oxford engineering science series
504 ## - BIBLIOGRAPHY, ETC. NOTE
Bibliography, etc Include index
650 #0 - SUBJECT ADDED ENTRY--TOPICAL TERM
Topical term or geographic name as entry element Internal combustion engines.
9 (RLIN) 35405
Topical term or geographic name as entry element Airplanes -- Motors.
9 (RLIN) 44085
942 ## - ADDED ENTRY ELEMENTS (KOHA)
Source of classification or shelving scheme Dewey Decimal Classification
Koha item type Books
Holdings
Lost status Source of classification or shelving scheme Materials specified (bound volume or other part) Damaged status Not for loan Collection code Permanent Location Current Location Shelving location Date acquired Source of acquisition Cost, normal purchase price Total Checkouts Full call number Date last seen Copy number Koha item type
  Dewey Decimal Classification V-1   Not For Loan Non-fiction Central Library, University of Rajshahi Central Library, University of Rajshahi Reading Room 25/01/1961 Mirza book agency 5.62   621.43 PYI 1953 05/02/2014 C-1 Books